Movies by State Quiz #2 - Statistics

General Stats
  • This quiz has been taken 76 times
  • The average score is 11 of 50
Answer Stats
Movie State % Correct
Lilo & Stitch Hawaii
83%
Dumb & Dumber Colorado
58%
Ocean's Eleven Nevada
58%
Home Alone Illinois
54%
Die Hard California
52%
Groundhog Day Pennsylvania
52%
3:10 to Yuma Arizona
48%
Bad Boys Florida
42%
Men in Black New York
42%
Hairspray Maryland
40%
The Departed Massachusetts
40%
Rudy Indiana
35%
Fifty Shades of Grey Washington
31%
My Cousin Vinny Alabama
27%
The Help Mississippi
25%
High School Musical New Mexico
25%
Insomnia Alaska
23%
127 Hours Utah
23%
The Color Purple Georgia
21%
Grumpy Old Men Minnesota
21%
The Green Mile Louisiana
19%
Miss Congeniality Texas
19%
What's Eating Gilbert Grape Iowa
17%
Super Troopers Vermont
15%
The Hateful Eight Wyoming
15%
Grosse Pointe Blank Michigan
13%
Clerks New Jersey
13%
A Nightmare on Elm Street Ohio
13%
National Treasure: Book of Secrets South Dakota
13%
Remember the Titans Virginia
13%
Mud Arkansas
10%
Lake Placid Maine
10%
Gone Girl Missouri
10%
Boys Don't Cry Nebraska
10%
One Flew Over the Cuckoo's Nest Oregon
10%
The Great Outdoors Wisconsin
10%
Elizabethtown Kentucky
8%
On Golden Pond New Hampshire
8%
The Descent North Carolina
8%
Silkwood Oklahoma
8%
The Conjuring Rhode Island
8%
Walking Tall Tennessee
8%
Wrong Turn West Virginia
8%
The Ice Storm Connecticut
6%
Looper Kansas
6%
Star Trek: First Contact Montana
6%
Leprechaun North Dakota
6%
Doc Hollywood South Carolina
6%
Empire Records Delaware
4%
Town & Country Idaho
4%
No matching quizzes found
Score Distribution
Percent of People with Each Score
Percentile by Number Answered
Your Score History
You have not taken this quiz